000 005850000a22001810004500
003 MACL
005 20160526151115.0
008 160526b xxu||||| |||| 00| 0 eng d
040 _aMACL
_cMACL
041 _aHindi
082 _a891.432
100 _aडॉ तिवारी, मोहन
_956549
245 _aमैं सुभाष बोल रहा हॅू
_cडॉ मोहन तिवारी
260 _aइलाहाबाद
_bशालिनी प्रकाशन
_c2010
350 _a200
650 _aDrama
_959822
942 _cHIN
_k891.432/TWI/D
_2ddc
999 _c46969
_d46969